Guess The College By Football Logo - Statistics

General Stats
  • This quiz has been taken 2,005 times
  • The average score is 18 of 20
Answer Stats
Picture Answer % Correct
Alabama
98%
Texas
98%
Michigan
97%
Clemson
96%
Miami
96%
Oklahoma
96%
Georgia
95%
Kentucky
95%
Oregon
95%
Auburn
93%
West Virginia
93%
Notre Dame
92%
Texas A&M
92%
Nebraska
91%
Maryland
90%
Indiana
88%
BYU
87%
Northwestern
86%
Southern California
72%
Michigan State
66%
No matching quizzes found
Score Distribution
Percent of People with Each Score
Percentile by Number Answered
Your Score History
You have not taken this quiz